000 00559nam a22001817a 4500
005 20251108173440.0
008 250721s1994 xx 000 0 ara d
082 1 4 _a811.1/حرب
100 1 _aحرب، طلال
245 1 0 _aديوان عروة بن الورد ويليه شعر صخر الغي /
246 1 1 _aويليه شعر صخر الغي
264 1 _aبيروت :
_bالدار العالمية،
_c1994.
300 _a162ص
650 1 7 _aالشعر العربي
650 1 7 _aالعصر الجاهلي
942 _2ddc
_cBK
999 _c104133
_d104133